00541nam a2200157Ia 4500008004100000040001600041041001200057082001800069100002000087245007500107260002500182300001600207942000700223952013600230999001700366230917s9999||||xx |||||||||||||| ||und|| e59073aMAIN aEnglish a294.594 C674D aColebrooke, H T 0aDaya-bhagya and mitaksara two treatise on the Hindu law of inheritance aDelhibParimalc1984 axvi, 377 p. cBK 0010406294_594000000000000_C674D70979514aMAINbMAINd2002-12-30l0o294.594 C674Dp113314r2023-09-17 20:44:00w2023-09-17yBK c46297d46297